Online
Catalog
Normal view MARC view

Entry Nombre personal

Number of records used in: 18

001 - NÚMERO DE CONTROL

  • campo de control: 12950

003 - IDENTIFICADOR DEL NÚMERO DE CONTROL

  • campo de control: BNPHU

005 - FECHA Y HORA DE LA ÚLTIMA TRANSACCIÓN

  • campo de control: 20250218125614.0

008 - DATOS DE LONGITUD FIJA

  • campo de control de longitud fija: 200615|| aza||aabn | a|a d

010 ## - NÚMERO DE CONTROL DE LA BIBLIOTECA DEL CONGRESO

  • Número de control de LC: n 85130797

040 ## - FUENTE DE LA CATALOGACIÓN

  • Centro catalogador/agencia de origen: DO-SdBNP
  • Lengua de catalogación: spa
  • Centro/agencia transcriptor: BNPHU
  • Normas de descripción: rda

100 1# - ENCABEZAMIENTO-NOMBRE DE PERSONA

  • Nombre de persona: Saramago, José,
  • Fechas asociadas al nombre: 1922-2010

370 ## - LUGAR ASOCIADO

  • Lugar de nacimiento: Ribatejo (Portugal)
  • Lugar de fallecimiento: Lanzarote (Islas Canarias)

374 ## - OCUPACIÓN

  • Ocupación: Novelista
  • Ocupación: Dramaturgo
  • Ocupación: Periodista
  • Ocupación: Premios Nobel

377 ## - LENGUA/LENGUAJE ASOCIADO

  • Código del idioma: por
  • Término de lengua/lenguaje: Portugués

378 ## - FORMA COMPLETA/DESARROLLADA DEL NOMBRE

  • Forma completa/desarrollada del nombre: José de Sousa

400 1# - TRAZADO DE VÉASE--NOMBRE DE PERSONA

  • Nombre de persona: Salamage, Ruoze

400 1# - TRAZADO DE VÉASE--NOMBRE DE PERSONA

  • Nombre de persona: Saramago, Zhoze

400 1# - TRAZADO DE VÉASE--NOMBRE DE PERSONA

  • Nombre de persona: Сарамаго, Жозе

400 1# - TRAZADO DE VÉASE--NOMBRE DE PERSONA

  • Nombre de persona: Sousa Saramago, José de

400 1# - TRAZADO DE VÉASE--NOMBRE DE PERSONA

  • Nombre de persona: De Sousa Saramago, José

670 ## - FUENTE DE DATOS ENCONTRADOS

  • Cita de la fuente: Work cat.: (OSt)4212: Saramago, José, 1922-2010, Evangelio según Jesucristo /, 2001.

670 ## - FUENTE DE DATOS ENCONTRADOS

  • Identificador Uniforme del Recurso: https://authorities.loc.gov/cgi-bin/Pwebrecon.cgi?AuthRecID=2466354&v1=1&HC=1&SEQ=20250218124947&PID=6TZQoXgZe8NiJ4fOnLRK4Fem7JiyA Consultado en 18 de febrero, 2025

Powered by Koha